Archivmaterialien zu Bernd Thum, 1940-2018
| Autor principal: | |
|---|---|
| Tipo de documento: | Electrónico Archival Collections |
| Lenguaje: | Alemán |
| En: | Año: 2019 |
| Acceso en línea: |
Archivdatenbank (Kalliope Verbundkatalog) |
| Verificar disponibilidad: | HBZ Gateway |
MARC
| LEADER | 00000npc a22000002 4500 | ||
|---|---|---|---|
| 001 | LR172417449 | ||
| 003 | PipeLineGenerated | ||
| 005 | 20260508112529.0 | ||
| 008 | 190606s2019 xx ||||| 00| ||ger c | ||
| 100 | |a Thum, Bernd |0 (DE-588)172417449 |0 (DE-627)697358550 |d 1940-2018 | ||
| 245 | |a Archivmaterialien zu Bernd Thum, 1940-2018 | ||
| 856 | |u https://kalliope-verbund.info/gnd/172417449 |3 Archivdatenbank (Kalliope Verbundkatalog) | ||
| ELC | |a 1 | ||
